000 00302nam a22001337a 4500
008 170413b xxu||||| |||| 00| 0 eng d
020 _a9780865425385
041 _aeng
080 _23 ED
_a618
100 _a10
101 _aSHM
245 _aCRTICAL CARE OBSTETRICS
_cCLARK.S.L
942 _2udc
_cBK
999 _c10601
_d10601